[Event "World ol U16"]
[Site "Eindhoven"]
[Date "2023.08.18"]
[Round "9.22"]
[White "Elharrak, Ahmed"]
[Black "Mohd Tarmizi, Nur Uzma Bazilah"]
[Result "0-1"]
[WhiteElo "1541"]
[BlackElo "1479"]
[PlyCount "104"]
[EventDate "2023.08.13"]
[EventType "team-swiss"]
[EventRounds "9"]
[EventCountry "NED"]
[SourceTitle "CBM 215 Extra"]
[Source "ChessBase"]
[SourceDate "2023.09.30"]
[SourceVersion "1"]
[SourceVersionDate "2023.09.30"]
[SourceQuality "1"]
[WhiteTeam "Morocco"]
[BlackTeam "Malaysia"]
[WhiteTeamCountry "MAR"]
[BlackTeamCountry "MAS"]

1. d4 Nf6 2. c4 g6 3. Nc3 d5 4. Nf3 Bg7 5. Bf4 0-0 6. e3 c5 7. Be2 Nc6 8. dxc5 Qa5 9. 0-0 dxc4 10. Bxc4 Qxc5 11. Qe2 Bg4 12. Bb3 Nh5 13. Bg3 Nxg3 14. hxg3 Bxc3 15. Rac1 Qh5 16. Rxc3 Ne5 17. e4 Rac8 18. Re3 Rc7 19. Bd1 Rd8 20. Rb3 Rcd7 21. Qc2 Nxf3+ 22. Bxf3 Rd2 23. Qc7 Bxf3 24. Rxf3 Rd1 25. Qc4 e6 26. Qb3 Rxf1+ 27. Kxf1 Qh1+ 28. Ke2 Qc1 29. Rd3 Rxd3 30. Kxd3 b6 31. Qc2 Qf1+ 32. Ke3 h5 33. Qc8+ Kg7 34. Qc3+ f6 35. Qc7+ Kh6 36. Qf4+ Kg7 37. Qc7+ Kh6 38. Qc3 e5 39. Qd2 Qxg2 40. Qd8 Kg5 41. Qd2 h4 42. gxh4+ Kxh4 43. Qd7 Qh3+ 44. Qxh3+ Kxh3 45. f3 Kg3 46. b3 b5 47. b4 g5 48. a3 a6 49. Ke2 Kf4 50. Kf2 g4 51. fxg4 Kxe4 52. Kg3 Ke3 0-1